[Event "Gligoric Cup 5th"]
[Site "Novi Sad"]
[Date "2018.11.07"]
[Round "5.4"]
[White "Bokan, Danko"]
[Black "Radovanovic, Mihajlo"]
[Result "0-1"]
[WhiteElo "2199"]
[BlackElo "2466"]
[PlyCount "94"]
[EventDate "2018.11.04"]
[EventType "team-swiss"]
[EventRounds "5"]
[EventCountry "SRB"]
[SourceTitle "CBM 187 Extra"]
[Source "ChessBase"]
[SourceDate "2018.11.04"]
[SourceVersion "1"]
[SourceVersionDate "2018.11.04"]
[SourceQuality "1"]
[WhiteTeam "Kac Jugovic"]
[BlackTeam "Goracici Jelica"]
[WhiteTeamCountry "SRB"]
[BlackTeamCountry "SRB"]

1. e4 c5 2. Nf3 d6 3. d4 cxd4 4. Nxd4 Nf6 5. Nc3 a6 6. Bc4 e6 7. a3 b5 8. Ba2 Be7 9. 0-0 0-0 10. f4 Bb7 11. f5 e5 12. Nde2 Nbd7 13. Ng3 Rc8 14. Be3 Nb6 15. Bxb6 Qxb6+ 16. Kh1 a5 17. Nd5 Bxd5 18. Bxd5 b4 19. axb4 axb4 20. Bb3 Qe3 21. Qe1 Ng4 22. Rf3 Qxe1+ 23. Rxe1 Bh4 24. h3 Nf6 25. Re2 Ra8 26. Kh2 Bg5 27. Nf1 Ra1 28. g3 h5 29. Kg2 h4 30. Rd3 Nh5 31. Rxd6 hxg3 32. Nxg3 Nf4+ 33. Kf3 Nxe2 34. Kxe2 Rd8 35. Rg6 Rd2+ 36. Kf3 Bf6 37. Nh5 Kf8 38. Rg4 Rh1 39. Rg3 Rd6 40. Kg4 Bd8 41. Rf3 Rg1+ 42. Ng3 Rh6 43. Rd3 Rh4+ 44. Kf3 Rf4+ 45. Ke2 Bb6 46. Rf3 Rg2+ 47. Kf1 Rxg3 0-1

[Event "Vojvodina-chT 2nd League"]
[Site "Sombor"]
[Date "2010.10.13"]
[Round "4"]
[White "Elez, Nikola"]
[Black "Bokan, Danko"]
[Result "1/2-1/2"]
[WhiteElo "2175"]
[BlackElo "2245"]
[PlyCount "63"]
[EventDate "2010.10.10"]
[EventType "team-tourn"]
[EventRounds "9"]
[EventCountry "YUG"]
[SourceTitle "CBM 138 Extra"]
[Source "ChessBase"]
[SourceDate "2010.10.29"]
[SourceVersion "1"]
[SourceVersionDate "2010.10.29"]
[SourceQuality "1"]

1. e4 e5 2. Nf3 Nc6 3. Nc3 Nf6 4. g3 Bc5 5. Bg2 d6 6. d3 0-0 7. 0-0 a6 8. Be3 Ba7 9. h3 h6 10. Bxa7 Rxa7 11. Qd2 Re8 12. d4 exd4 13. Nxd4 Bd7 14. f4 Qc8 15. Kh2 Ra8 16. Rae1 Nxd4 17. Qxd4 Bb5 18. Nxb5 axb5 19. e5 dxe5 20. fxe5 Nh7 21. h4 c6 22. Bh3 Qd8 23. Qf4 Qc7 24. e6 Qxf4 25. Rxf4 fxe6 26. Rxe6 Nf6 27. Rf2 Kf7 28. Rfe2 Rxe6 29. Bxe6+ Kf8 30. Bb3 Re8 31. Rxe8+ Nxe8 32. Kg2 1/2-1/2

[Event "IBCA-ol blind 13th"]
[Site "Heraklion"]
[Date "2008.10.26"]
[Round "7.1"]
[White "Bokan, Danko"]
[Black "Cajzler, Hinko"]
[Result "1/2-1/2"]
[WhiteElo "2323"]
[BlackElo "2171"]
[PlyCount "43"]
[EventDate "2008.10.19"]
[EventType "team-swiss"]
[EventRounds "9"]
[EventCountry "GRE"]
[SourceTitle "EXT 2010"]
[Source "ChessBase"]
[SourceDate "2010.11.25"]
[SourceVersion "1"]
[SourceVersionDate "2010.11.25"]
[SourceQuality "1"]
[WhiteTeam "Serbia (blind)"]
[BlackTeam "Croatia (blind)"]
[WhiteTeamCountry "YUG"]
[BlackTeamCountry "CRO"]

1. e4 c6 2. d4 d5 3. Nd2 dxe4 4. Nxe4 Nf6 5. Ng3 g6 6. Nf3 Bg4 7. Be2 Bg7 8. 0-0 0-0 9. h3 Bc8 10. c4 b6 11. Qc2 Nbd7 12. Bf4 Bb7 13. Rfd1 Qc8 14. Rd2 Re8 15. Rad1 c5 16. d5 Nf8 17. Ng5 h6 18. N5e4 Nxe4 19. Nxe4 f5 20. Nc3 e5 21. Bh2 Qd7 22. a3 1/2-1/2

[Event "SCG-chT Vojvodina"]
[Site "Sombor"]
[Date "2004.09.30"]
[Round "8.3"]
[White "Bokan, Danko"]
[Black "Grujic, Zoran"]
[Result "1/2-1/2"]
[WhiteElo "2333"]
[BlackElo "2375"]
[PlyCount "38"]
[EventDate "2004.09.25"]
[EventType "team"]
[EventRounds "11"]
[EventCountry "YUG"]
[SourceTitle "CBM 102 Extra"]
[Source "ChessBase"]
[SourceDate "2004.11.03"]
[SourceVersion "1"]
[SourceVersionDate "2004.11.03"]
[SourceQuality "1"]
[WhiteTeam "09"]
[BlackTeam "02"]
[WhiteTeamCountry "YUG"]
[BlackTeamCountry "YUG"]

1. e4 c5 2. Nf3 d6 3. d4 cxd4 4. Nxd4 Nf6 5. Nc3 a6 6. Bc4 e6 7. a3 Nxe4 8. Nxe4 d5 9. Bd3 dxe4 10. Bxe4 Nd7 11. 0-0 Nf6 12. Bf3 Qc7 13. Re1 Be7 14. Qe2 0-0 15. c4 Bd6 16. g3 e5 17. Nc2 Be6 18. b3 Rab8 19. Bb2 b5 1/2-1/2

[Event "SCG-chT Vojvodina"]
[Site "Sombor"]
[Date "2004.09.26"]
[Round "3.3"]
[White "Bokan, Danko"]
[Black "Kolognat, Petar"]
[Result "1/2-1/2"]
[WhiteElo "2333"]
[BlackElo "2301"]
[PlyCount "128"]
[EventDate "2004.09.25"]
[EventType "team"]
[EventRounds "11"]
[EventCountry "YUG"]
[SourceTitle "CBM 102 Extra"]
[Source "ChessBase"]
[SourceDate "2004.11.03"]
[SourceVersion "1"]
[SourceVersionDate "2004.11.03"]
[SourceQuality "1"]
[WhiteTeam "09"]
[BlackTeam "11"]
[WhiteTeamCountry "YUG"]
[BlackTeamCountry "YUG"]

1. e4 e5 2. d4 exd4 3. Qxd4 Nc6 4. Qe3 d6 5. Nc3 Nf6 6. Bd2 Be6 7. 0-0-0 Be7 8. f4 d5 9. exd5 Nxd5 10. Qf2 0-0 11. Nf3 Nb6 12. Be3 Qc8 13. Bc5 Rd8 14. Bb5 Rxd1+ 15. Rxd1 Qf8 16. Bxe7 Nxe7 17. Nd4 Bg4 18. Rd2 Nf5 19. h3 Nxd4 20. Qxd4 Be6 21. Bd3 c6 22. f5 Bd5 23. f6 g6 24. Be4 Rd8 25. Nxd5 cxd5 26. Bd3 Re8 27. Rd1 Qh6+ 28. Kb1 Qg5 29. a4 Re6 30. a5 Nc8 31. Bc4 Rxf6 32. Qxd5 Qxd5 33. Bxd5 b6 34. a6 Kf8 35. Rd3 Ke7 36. Rc3 Kd7 37. Bb7 Ne7 38. Rd3+ Rd6 39. Rf3 f5 40. g4 Rf6 41. gxf5 Rxf5 42. Rd3+ Kc7 43. Re3 Kd6 44. c4 Re5 45. Rf3 Nf5 46. b4 Re3 47. Kb2 Rxf3 48. Bxf3 Nd4 49. Bd5 g5 50. Bb7 h5 51. Kc3 Ne2+ 52. Kd2 Nf4 53. Bc8 Ng6 54. Ke3 Ne5 55. Kd4 Nc6+ 56. Kc3 Ne7 57. Bb7 g4 58. hxg4 hxg4 59. Kd4 g3 60. Ke3 Nf5+ 61. Kf4 Nd4 62. Kxg3 Nc2 63. c5+ bxc5 64. bxc5+ Kxc5 1/2-1/2

[Event "SCG-chT Vojvodina"]
[Site "Sombor"]
[Date "2004.09.26"]
[Round "2.3"]
[White "Radlovacki, Jovan"]
[Black "Bokan, Danko"]
[Result "1/2-1/2"]
[WhiteElo "2350"]
[BlackElo "2333"]
[PlyCount "22"]
[EventDate "2004.09.25"]
[EventType "team"]
[EventRounds "11"]
[EventCountry "YUG"]
[SourceTitle "CBM 102 Extra"]
[Source "ChessBase"]
[SourceDate "2004.11.03"]
[SourceVersion "1"]
[SourceVersionDate "2004.11.03"]
[SourceQuality "1"]
[WhiteTeam "03"]
[BlackTeam "09"]
[WhiteTeamCountry "YUG"]
[BlackTeamCountry "YUG"]

1. e4 e5 2. Bc4 Nf6 3. d3 c6 4. Bg5 h6 5. Bxf6 Qxf6 6. Qg4 Bb4+ 7. c3 Bc5 8. Nf3 0-0 9. Qg3 d6 10. 0-0 Be6 11. Nbd2 Nd7 1/2-1/2

[Event "Serbia-chT central"]
[Site "Golubac"]
[Date "2003.??.??"]
[Round "?"]
[White "Bokan, Danko"]
[Black "Andonov, Bogomil"]
[Result "1/2-1/2"]
[WhiteElo "2338"]
[BlackElo "2314"]
[PlyCount "29"]
[EventDate "2003.09.27"]
[EventType "team"]
[EventRounds "11"]
[EventCountry "YUG"]
[SourceTitle "CBM 096 Extra"]
[Source "ChessBase"]
[SourceDate "2003.10.22"]
[SourceVersion "2"]
[SourceVersionDate "2003.10.20"]
[SourceQuality "1"]

1. e4 c5 2. Nf3 Nc6 3. d4 cxd4 4. Nxd4 Qc7 5. Nc3 e6 6. Nb3 Nf6 7. Bd3 a6 8. 0-0 b5 9. Qe2 Be7 10. f4 d6 11. Be3 Bb7 12. Rae1 Nb4 13. Nd4 Nxd3 14. cxd3 g6 15. Rc1 1/2-1/2

[Event "Serbia-chT central"]
[Site "Golubac"]
[Date "2003.??.??"]
[Round "?"]
[White "Ristic, Nenad"]
[Black "Bokan, Danko"]
[Result "1-0"]
[WhiteElo "2488"]
[BlackElo "2338"]
[PlyCount "77"]
[EventDate "2003.09.27"]
[EventType "team"]
[EventRounds "11"]
[EventCountry "YUG"]
[SourceTitle "CBM 096 Extra"]
[Source "ChessBase"]
[SourceDate "2003.10.22"]
[SourceVersion "2"]
[SourceVersionDate "2003.10.20"]
[SourceQuality "1"]

1. e4 e5 2. Nf3 Nc6 3. Bb5 f5 4. Nc3 fxe4 5. Nxe4 Nf6 6. Nxf6+ gxf6 7. d4 d6 8. Ng5 fxg5 9. Qh5+ Kd7 10. d5 Qf6 11. Bxg5 Qf5 12. dxc6+ bxc6 13. Bd3 e4 14. Be2 Qg6 15. Qh3+ Ke8 16. Qc3 Qxg5 17. Qxc6+ Kd8 18. Qxa8 Qxg2 19. 0-0-0 Bh6+ 20. Kb1 Re8 21. Bb5 Rf8 22. Rhg1 Qf3 23. Ba6 Kd7 24. Bxc8+ Rxc8 25. Qxa7 Re8 26. Qa4+ Kd8 27. Qa5 Qf6 28. Rg3 Bf4 29. Rb3 Re5 30. Rb8+ Kd7 31. Qa4+ Ke6 32. Re8+ Kf5 33. Qd7+ Kg5 34. Rxe5+ Qxe5 35. Qxh7 Kf6 36. Rg1 Qf5 37. Qxc7 Bxh2 38. Qg7+ Ke6 39. Rg6+ 1-0